000 00521nam a2200181Ia 4500
008 100315s9999 xx 000 0 und d
082 _b165 
_a658.8 
100 _a"MCCARTHY, E. JEROME "
245 _aBASIC MARKETING A MANAGERIAL APPROACH
260 _aCHARD D. IRWIN 
_bRichard D. Irwin  
_c
300 _a"XIX,884P  "
365 _d
_b0.00 
366 _f
530 _b-  
630 _aBASIC MARKETING A MANAGERIAL APPROACH
730 _aBASIC MARKETING A MANAGERIAL APPROACH
942 _cBOOK
999 _c474900
_d474897